00418nam a22001457a 4500020001500000082001600015100002000031245005200051260003500103300000800138490003200146505003000178650005500208650000900263 a9552307295 a541.394 KUL aKularatne,K.W.S aPhysical Chemistry :Reaction Kinetics : Vol.111 aColombobOpen Universityc1988 a91p aLwevel - CHU 3124/CHU 3340 aBachelor Science :Level 5 a physical chemistryakinetics,reaction kineticsa  aOUSL